10 Volcanes más activos de Chile - Estadísticas

Estadísticas generales
  • Esta prueba ha sido intentada 15 veces
  • La puntuación promedio es 4 de 10
Estadísticas de respuestas
Hint Respuesta % Correcto
Araucanía Villarrica
100%
Los Lagos Chaitén
69%
Los Lagos Calbuco
54%
Araucanía Llaima
46%
Ñuble Nevados de Chillán
38%
Araucanía Lonquimay
23%
Biobío Copahue
15%
Antofagasta Lascar
15%
Los Lagos Michimahuida
0%
Maule Quizapú
0%
No se encontraron pruebas coincidentes
Distribución de puntuación
Porcentaje de gente con cada puntuación
Porcentaje por número respondido
Historial de tus puntuaciones
No has intentado esta prueba.